Normal view MARC view
  • Baker, Raymond William

Entry Personal Name

Number of records used in: 1

001 - CONTROL NUMBER

  • control field: 108660

003 - CONTROL NUMBER IDENTIFIER

  • control field: NUST

005 - DATE AND TIME OF LATEST TRANSACTION

  • control field: 20230206123644.0

008 - FIXED-LENGTH DATA ELEMENTS

  • fixed length control field: 230206|| aca||aabn | a|a d

040 ## - CATALOGING SOURCE

  • Original cataloging agency: NUST
  • Transcribing agency: NUST

100 ## - HEADING--PERSONAL NAME

  • Personal name: Baker, Raymond William

670 ## - SOURCE DATA FOUND

  • Source citation: Work cat.: (NUST)187126: Baker, Raymond William,, Islam without fear :, c2003.
© 2023 Central Library, National University of Sciences and Technology. All Rights Reserved.